|
|
|
|
| LEADER |
00000cam a2200000 7i4500 |
| 001 |
0000048813 |
| 005 |
20181023093000.0 |
| 008 |
050619s2001 enk eng |
| 020 |
|
|
|a 0582417910
|
| 090 |
0 |
0 |
|a PE1127.F3
|b .H43 2001
|
| 100 |
0 |
|
|a Healey, Phil ,
|e author
|
| 245 |
1 |
0 |
|a Stranger than fiction :
|b urban myths
|c Phil Healey and Rick Glanvill;retold by Patty Key and Stephen Kirby ; series editors, Andy Hopkins and Jocelyn Potter
|
| 260 |
2 |
|
|a England :
|b Pearson Education Limited ,
|c c2001
|
| 300 |
|
|
|a v, 38 p. :
|b ill. ;
|c 20 cm.
|
| 650 |
|
0 |
|a Readers (Primary)
|
| 650 |
|
0 |
|a Urban folklore
|
| 700 |
1 |
|
|a Glanvill, Rick ,
|e author
|
| 700 |
1 |
|
|a Hopkins, Andy ,
|e author
|
| 700 |
1 |
|
|a Key, Patty ,
|e author
|
| 700 |
1 |
|
|a Kirby, Stephen ,
|d 1943- ,
|e author
|
| 700 |
1 |
|
|a Potter, Jocelyn ,
|d 1955- ,
|e author
|
| 999 |
|
|
|a 1000101938
|b Book
|c OPEN SHELF (30 DAYS)
|e Gong Badak Campus
|